02171nam a22001817a 4500003000400000005001700004007000300021008004100024020002200065040002300087082001800110100002800128245010800156260003300264300000900297505154900306650013401855OSt20250204083007.0ta250117b2025 dr | | |||| 001 edspa d a978-0-244-05824-1 aSCDDcDOerdabSpa a120/S232e221 aSantana Soriano, Edwin  aEnsayos FilosóficosbReflexiones Epistemológicas, Ontológicas y Éticas/cSantana Soriano, Edwin aSanto Domingo:bLulúc2017 a187p aPRESENTACIÓN - Primera parte FILOSOFÍA DE LA CIENCIA: - LA DISCUSIÓN EN TORNO A LAS CIENCIAS NATURALES---POSICION DEL POSITIVISMO LÓGICO: LA SUPERACIÓN DE LA METAFÍSICA DE CARNAP Y EL TRACTATUS DE WITTGENSTEIN--EL VIRAJE DE LA FILOSOFÍA DE MORITZ SCHLICK.---EL "PROGRAMA FUERTE" EN SOCIOLOGÍA DE LA CIENCIA Y SUS CRÍTICOS. --LA FILOSOFÍA DE LA CIENCIA DE LARRY LAUDAN.--LA CIENCIA VISTA DESDE LAS HUMANIDADES--LA VISIÓN PÚBLICA DE LA CIENCIA.--LA POSVERDAD Y SUS EFECTOS SOBRE LA CIENCIA--KUHN vs POPPER: IDEAS ENCONTRADAS---FILOSOFÍA DE LA CIENCIA: LA DISCUSIÓN EN TORNO A LAS CIENCIAS SOCIALES.---LA FRONTERA ENTRE LAS CIENCIAS NATURALES Y LAS HUMANAS--LA EXPLICACIÓN EN LAS CIENCIAS SOCIALES-- BUSCAR LA FILOSOFIA EN LAS CIENCIAS SOCIALES" SEGÚN MARIO BUNGE.-- KARL POPPER Y EL HISTORICISMO-- Segunda parte: FILOSOFIA CONTEMPORÁNEA Y ACTUAL.-- LA EDAD CONTEMPORÁNEA-- LA CRISIS DE LA TRADICION EN LA FILOSOFÍA CONTEMPORÁNEA Y ACTUAL.-- Tercera parte: FILOSOFÍA DE LA TECNOLOGÍA-- ¿QUÉ ES LA TECNOLOGÍA? UNA RESPUESTA DESDE LA FILOSOFÍA-- ATENTADOS CON VEHÍCULOS Y FILOSOFÍA. --- LA TECNOLOGÍA Y SUS IMPLICACIONES ÉTICAS, ONTOLÓGICAS Y EPISTEMOLÓGICAS-- TECNOLOGÍA Y CONTROL SOCIAL SEGÚN HERBERT MARCUSE EN EL HOMBRE UNIDIMENSIONAL-- PROGRESO TECNOLÓGICO Y PROGRESO SOCIAL.-- Cuarta parte: VARIOS-- LA INFLUENCIA DE LA ILUSTRACIÓN EN LOS PROCESOS REVOLUCIONARIOS INDEPENDENTISTAS DE LA AMÉRICA DEL SIGLO XXIV-- ANTONIO GRAMSCI Y LA FILOSOFÍA MARXISTA-- Bibliografía aFilosofía Reflexiones 2. Ensayos, conferencias, 3- Epistemología, causalidad, 4- Género humano 5- Ontología 6- Ética